000 00338nam a2200145Ia 4500
008 230917s9999||||xx |||||||||||||| ||und||
040 _e129404
_aMAIN
041 _aEnglish
082 _a809 W675P
100 _aWilliams, Raymond
245 0 _aPolitics and letters
260 _aLondon
_bNLB
_c1979
300 _a444p. p.
942 _cBK
999 _c211872
_d211872